Pavement evaluation using road meters ; proceedings of a workshop held April 18-20, 1972, at Purdue University.

Bibliographic Details
Corporate Author: Purdue University. School of Civil Engineering
Format: Book
Language:English
Published: Washington : Highway Research Board, National Research Council, 1973.
Series:Special report (National Research Council (U.S.). Highway Research Board) ; 133.
Subjects:

MARC

Tag First Indicator Second Indicator Subfields
LEADER 00000cam a2200000 4500
001 in00000096302
005 20150925090041.0
008 730605s1973 dcua 00000 eng
010 |a  73000981  
020 |a 0309020964  |c $4.00 
035 |a (OCoLC)00650557 
035 |9 AAL2267AM 
040 |a DLC  |c DLC  |d TXA  |d UtOrBLW 
049 |a TXAM  |c [713231] 
050 0 0 |a TE250  |b .P28 
082 0 |a 625.8 
245 0 0 |a Pavement evaluation using road meters ;  |b proceedings of a workshop held April 18-20, 1972, at Purdue University. 
264 1 |a Washington :  |b Highway Research Board, National Research Council,  |c 1973. 
300 |a v, 128 pages :  |b illustrations ;  |c 25 cm. 
336 |a text  |b txt  |2 rdacontent 
337 |a unmediated  |b n  |2 rdamedia 
338 |a volume  |b nc  |2 rdacarrier 
490 1 |a National Research Council. Highway Research Board. Special report ;  |v 133 
500 |a Sponsored by the School of Civil Engineering, Purdue University. 
650 0 |a Pavements  |x Testing  |x Congresses. 
650 0 |a Road meters  |x Congresses. 
710 2 |a Purdue University.  |b School of Civil Engineering. 
830 0 |a Special report (National Research Council (U.S.). Highway Research Board) ;  |v 133. 
999 |a MARS 
999 f f |s cb0c8fe6-04bb-3b85-8dc5-5ff36b75d4e1  |i bb538125-db64-3fb3-8d3a-01e01aee7e0c  |t 0 
952 f f |p ric  |a Texas A&M University  |b Rellis Campus  |c Joint Library Facility  |d Remote Storage  |t 0  |e TE250 .P28  |h Library of Congress classification  |i unmediated -- volume  |m A14805389210 
998 f f |a TE250 .P28  |t 0  |l Remote Storage